Spell the Marvel Hero #150 - Statistics

General Stats
  • This quiz has been taken 13 times
  • The average score is 5 of 8
Answer Stats
Picture Answer % Correct
Invisible Woman
91%
Nick Fury
91%
Angel
73%
Okoye
73%
Iron Man
64%
Namorita
64%
M (Monet St. Croix)
55%
Roz Solomon
36%
No matching quizzes found
Score Distribution
Percent of People with Each Score
Percentile by Number Answered
Your Score History
You have not taken this quiz